<?xml version="1.0" encoding="UTF-8"?>
<record
    xmlns:xsi="http://www.w3.org/2001/XMLSchema-instance"
    xsi:schemaLocation="http://www.loc.gov/MARC21/slim http://www.loc.gov/standards/marcxml/schema/MARC21slim.xsd"
    xmlns="http://www.loc.gov/MARC21/slim">

  <leader>00756naa a2200181 i 4500</leader>
  <controlfield tag="001">10395</controlfield>
  <controlfield tag="003">KOSZ 005</controlfield>
  <controlfield tag="005">20180421094402.0</controlfield>
  <controlfield tag="008">180421s2011    pl     f     |000 | pol  </controlfield>
  <datafield tag="040" ind1=" " ind2=" ">
    <subfield code="c">KOSZ 005/HR</subfield>
    <subfield code="d">KOSZ 005/HR</subfield>
  </datafield>
  <datafield tag="041" ind1=" " ind2=" ">
    <subfield code="a">pol</subfield>
  </datafield>
  <datafield tag="080" ind1=" " ind2=" ">
    <subfield code="a">657</subfield>
  </datafield>
  <datafield tag="100" ind1=" " ind2=" ">
    <subfield code="a">POLAK, Katarzyna.</subfield>
    <subfield code="d">2004 - .</subfield>
    <subfield code="b">Politechnika Koszali&#x144;ska - Wydzia&#x142; Ekonomii i Zarz&#x105;dzania,</subfield>
    <subfield code="c">Katedra Rachunkowo&#x15B;ci i Finans&#xF3;w - Zak&#x142;ad Rachunkowo&#x15B;ci</subfield>
  </datafield>
  <datafield tag="245" ind1="1" ind2="0">
    <subfield code="a">Organizacja rachunkowo&#x15B;ci w grupach kapita&#x142;owych /</subfield>
    <subfield code="c">Katarzyna Polak.</subfield>
  </datafield>
  <datafield tag="650" ind1=" " ind2="0">
    <subfield code="a">Finanse - sprawozdawczo&#x15B;&#x107;.</subfield>
  </datafield>
  <datafield tag="773" ind1="0" ind2=" ">
    <subfield code="i">W :</subfield>
    <subfield code="t">Organizacja rachunkowo&#x15B;ci / red. nauk. Kazimiera Winiarska. -</subfield>
    <subfield code="d">Warszawa : Pa&#x144;stwowe Wydaw. Ekonomiczne, 2011. -</subfield>
    <subfield code="g">s. 218-227</subfield>
    <subfield code="z">9788320819649</subfield>
  </datafield>
  <datafield tag="942" ind1=" " ind2=" ">
    <subfield code="c">ROZ</subfield>
    <subfield code="2">UKD</subfield>
  </datafield>
  <datafield tag="999" ind1=" " ind2=" ">
    <subfield code="c">10395</subfield>
    <subfield code="d">10395</subfield>
  </datafield>
</record>
